| 000 | 00845nam a2200241 a 4500 | ||
|---|---|---|---|
| 001 | 1490 | ||
| 003 | BR-CuiBMT | ||
| 005 | 20231213230941.0 | ||
| 008 | 231101s2010 mtba 000 0 por d | ||
| 020 | _a978858896969 | ||
| 040 |
_aBR-CuiBMT _cBR-CuiBMT |
||
| 080 |
_a657.6:625.7 _22007 |
||
| 090 |
_a657.6:625.7 _bM433a |
||
| 110 | 1 |
_aMato Grosso. _bTribunal de Contas do Estado. |
|
| 245 | 1 | 0 |
_aAuditoria de qualidade em obras rodoviárias : _ba atuação do Tribunal de Contas de Mato Grosso em 2010 / _cTribunal de Contas do Estado. |
| 260 |
_aCuiabá : _bCentral de Texto, _cc2011. |
||
| 300 |
_a151 p. : _bil., color ; _c28 x 22 cm |
||
| 504 | _aInclui bibliografia. | ||
| 650 |
_aRodovias _xFiscalização _zMato Grosso |
||
| 650 |
_aAuditoria _zMato Grosso |
||
| 650 |
_aObras públicas _xFiscalização _zMato Grosso |
||
| 942 |
_2udc _cLV |
||
| 999 |
_c1490 _d1490 |
||